| 000 | 00647pam a2200229 a 4500 | ||
|---|---|---|---|
| 001 | 2841326 | ||
| 003 | Nust | ||
| 005 | 20220831110905.0 | ||
| 008 | 840510s1984 nyu 000 0 eng | ||
| 010 | _a 84011267 | ||
| 020 |
_a9780330418997 (pbk.) _cRs. 476 |
||
| 038 | _aArshad | ||
| 040 |
_aDLC _cDLC _dDLC |
||
| 050 | 0 | 0 |
_aPR6051.R285 _bF5 1984 |
| 082 | 0 | 0 |
_a823 _bARC |
| 100 | 1 |
_aArcher, Jeffrey, _d1940- _911436 |
|
| 245 | 1 | 0 |
_aFirst among equals / _cJeffrey Archer. |
| 260 |
_aNew York : _bLinden Press Simon & Schuster, _c1984. |
||
| 300 |
_a466 p. ; _c25 cm. |
||
| 906 |
_a7 _bcbc _corignew _d1 _eocip _f19 _gy-gencatlg |
||
| 942 |
_2ddc _cBK |
||
| 999 |
_c173048 _d173048 |
||